1313 1322 1454 1684 1526 1599 1681 1385 1251 1900 1319 1665 1782 1489 1384 1684 1469 1941 1178 1517 1109 1083 1635 1851 1908 1615 1709 1794 1487 1981 1221 1570 1670 1614 1134 1552 1246 1033 1105 1768 1635 1240 1662 1834 1316 1020 1478 1228 1100 1997 1974 1477 1184 1102 1395 1302 1252 1374 1578 1063 1021 1432 1675 1648 1503 1009 1191 1698 1998 1666 1670 1424 1512 1837 1006 1985 1986 1528 1077 1435 1819 1057 1932 1387 1555 1322 1021 1146 1545 1624 1884 1581 1024 1529 1284 1682 1408 1114 1495 BCNSPRNW ULIB Ver.6.0+V

เปลี่ยนเป็นภาษาไทย

Change to English
 แสดงรายละเอียดบรรณานุกรม
  กลับหน้าหลัก

Brief Record : Get Marc (ISO 2709) : E-mail record : QR code < ปิดหน้าต่าง
LEADER : 00000nam 2200000uu 4500
001    13399114121
003     ULIB
008    120217s2554||||th 000 0 tha d
020    ^a9789740328001
060  4 ^aWL101^bว397ป
100 0  ^aวิไล ชินธเนศ
245 10 ^aประสาทส่วนปลาย จากกายวิภาคศาสตร์สู่การวินิจฉัย^n=Peripheral nerve:from anatomt to diagnosis /^cวิไล ชินธเนศ
246 0  ^aPeripheral nerve:from anatomt to diagnosis
250    ^aพิมพ์ครั้งที่ 1
260    ^aกรุงเทพฯ :^bโรงพิมพ์แห่งจุฬาลงกรณ์มหาวิทยาลัย,^c2554
300    ^a281 หน้า :^bภาพประกอบ ;^c27 ซม.
650  7 ^aกายวิภาคศาสตร์
650  7 ^aเส้นประสาทส่วนปลาย
945    ^p350^l0^i18756
945    ^p350^l0^i18757
995    ^a เกษร
999    ^aใช้งานได้ทุกระบบ
รายการนี้ยังไม่มีแท็ก
คุณยังไม่ได้ล็อกอิน คุณสามารถมีกิจกรรมร่วมกับเว็บไซต์ได้ แต่ต้องล็อกอินก่อน ::
  ล็อกอิน

รายการสื่อสารสนเทศ

ลำดับที่ ประเภท เลขเรียก/บาร์โค้ด สถานที่ สถานะ
1. วิทยาศาสตร์การแพทย์ และสุขภาพ
วิทยาศาสตร์การแพทย์ และสุขภาพ
สถานะ=หนังสือเก่า
WL101 ว397ป ฉ.1 
  Barcode: 18756
ห้องสมุดวิทยาเขตนครสวรรค์
►ส่วนจัดเก็บหนังสือเก่า นว.
บนชั้น
  ขอยืม
2. วิทยาศาสตร์การแพทย์ และสุขภาพ
วิทยาศาสตร์การแพทย์ และสุขภาพ
สถานะ=หนังสือเก่า
WL101 ว397ป ฉ.2 
  Barcode: 18757
ห้องสมุดวิทยาเขตนครสวรรค์
►ส่วนจัดเก็บหนังสือเก่า นว.
บนชั้น
  ขอยืม

รายการใกล้เคียง
    ผู้แต่ง [วิไล ชินธเนศ]

    หัวเรื่อง [กายวิภาคศาสตร์]
    หัวเรื่อง [เส้นประสาทส่วนปลาย]

BibComment


ยังไม่เคยถูกคอมเมนท์

คอมเมนท์ทรัพยากรรายการนี้
  คอมเมนท์: ประสาทส่วนปลาย จ..


 Copyright 2026. Bcnsprnw @Library